Diseño de trituradora semiautomática para diferentes tipos de plásticos
El presente trabajo tiene como objetivo diseñar un prototipo semiautomático para triturar diferentes tipos de plástico, con el fin de reducir grandes volúmenes almacenados de plásticos y tener una mejor manipulación del producto, para el proceso de reciclaje.
| Main Authors: | , |
|---|---|
| Other Authors: | |
| Format: | Tesis Section = Libro |
| Language: | Undetermined Spanish |
| Published: |
Managua
UNI
2021
|
| Subjects: |
| LEADER | 01119nam a2200265Ia 4500 | ||
|---|---|---|---|
| 008 | 240830s9999 xx 000 0 und d | ||
| 040 | |a BIBLIOTECA-RUPAP Mon 621.914 B175 | ||
| 041 | |a spa | ||
| 082 | |a Mon 621.914 B175 | ||
| 100 | 1 | |a Baldelomar Altamirano, José Antonio | |
| 100 | 1 | |b Amador, Samuel | |
| 245 | 1 | 0 | |a Diseño de trituradora semiautomática para diferentes tipos de plásticos |
| 260 | |a Managua |b UNI |c 2021 | ||
| 300 | |a 202 p.: il. | ||
| 500 | |a Contiene: anexos y CD. | ||
| 502 | |a Tesis (Ingeniero Mecánico) - UNI, 2021. | ||
| 520 | 3 | |a El presente trabajo tiene como objetivo diseñar un prototipo semiautomático para triturar diferentes tipos de plástico, con el fin de reducir grandes volúmenes almacenados de plásticos y tener una mejor manipulación del producto, para el proceso de reciclaje. | |
| 650 | 7 | |a HERRAMIENTAS PARA TRITURAR-DISEÑO Y CONSTRUCCION | |
| 650 | 7 | |b TRITURACION | |
| 650 | 7 | |c MAQUINAS TRITURADORAS DE PLASTICOS | |
| 650 | 7 | |d RECICLADOS DE LOS PLASTICOS. | |
| 700 | 1 | |a Tutor: |b Blandino Rayo, Cesar | |
| 942 | |c BK |2 ddc | ||
| 991 | |a TESIS | ||
| 999 | |c 18912 | ||